Catálogo
 En Linea

Matemáticas : (Registro nro. 12556)

Detalles MARC
000 -CABECERA
campo de control de longitud fija 01424nam a2200217 a 4500
001 - NÚMERO DE CONTROL
campo de control 000012908
005 - FECHA Y HORA DE LA ÚLTIMA TRANSACCIÓN
campo de control 20240306073902.0
008 - DATOS DE LONGITUD FIJA--INFORMACIÓN GENERAL
campo de control de longitud fija 091118s1997 dr ac 000 0 spa d
020 ## - NÚMERO INTERNACIONAL ESTÁNDAR DEL LIBRO
Número Internacional Estándar del Libro 970640119X (v. 5)
040 ## - FUENTE DE LA CATALOGACIÓN
Centro catalogador/agencia de origen DO-SdBNP
Lengua de catalogación spa
Centro/agencia transcriptor BNPHU
100 1# - ENTRADA PRINCIPAL--NOMBRE DE PERSONA
Nombre de persona Molina Moloon, Andrés
9 (RLIN) 6595
245 10 - MENCIÓN DE TÍTULO
Título Matemáticas :
Resto del título educación básica /
Mención de responsabilidad, etc. Andrés Molina Moloon ; dirección editorial Obdulia García de Escobar ; ilustraciones Ruddy Núñez.
250 ## - MENCIÓN DE EDICIÓN
Mención de edición 2a. ed.
260 ## - PUBLICACIÓN, DISTRIBUCIÓN, ETC.
Lugar de publicación, distribución, etc. Santo Domingo :
Nombre del editor, distribuidor, etc. Santillana,
Fecha de publicación, distribución, etc. 1997.
300 ## - DESCRIPCIÓN FÍSICA
Extensión v. :
Otras características físicas il., retrs. ;
Dimensiones 28 cm.
500 ## - NOTA GENERAL
Nota general educación básica
500 ## - NOTA GENERAL
Nota general La biblioteca solamente posee el volumen 5.
505 1# - NOTA DE CONTENIDO CON FORMATO
Nota de contenido con formato v. 5 :
Información miscelánea unidad 1 --
Título Números del 1 al 100 millones --
Información miscelánea unidad 2 --
Título Operaciones con números naturales --
Información miscelánea unidad 3 --
Título La radicación --
Información miscelánea unidad 4 --
Título Fracciones --
Información miscelánea unidad 5 --
Título Operaciones con fracciones --
Información miscelánea unidad 6 --
Título Los números decimales --
Información miscelánea unidad 7 --
Título Operaciones con números decimales --
Información miscelánea unidad 8 --
Título Plano cartesiano y gráficos --
Información miscelánea unidad 9 --
Título Múltiplos y divisores. Números primos --
Información miscelánea unidad 10 --
Título Ángulos y congruencias --
Información miscelánea unidad 11 --
Título Razones y proporciones --
Información miscelánea unidad 12 --
Título Congruencia y semejanza de figuras --
Información miscelánea unidad 13 --
Título Perímetros --
Información miscelánea unidad 14 --
Título Áreas --
Información miscelánea unidad 15 --
Título Mediciones --
Información miscelánea unidad 16 --
Título Estadística --
700 1# - PUNTO DE ACCESO ADICIONAL--NOMBRE DE PERSONA
Nombre de persona García Escobar, Obdulia de
Término indicativo de función/relación dir. ed.
9 (RLIN) 29220
700 1# - PUNTO DE ACCESO ADICIONAL--NOMBRE DE PERSONA
Nombre de persona Núñez, Ruddy
Término indicativo de función/relación il.
9 (RLIN) 23171
Existencias
Estado de retiro Estado de pérdida No para préstamo Código de colección Localización permanente Ubicación/localización actual Ubicación en estantería Fecha de adquisición Número de inventario Total de préstamos Signatura topográfica completa Código de barras Fecha visto por última vez Precio válido a partir de Tipo de ítem Koha
    Excluido de préstamo Patrimonio Dominicano Patrimonio Dominicano Patrimonio Dominicano Depósito 18.11.2009 LF1   12908-10 25.06.2020 25.06.2020 Libro y Folleto Colección Patrimonio Dominicano

Con tecnología Koha